Truyện Kiều

שמור ב:
מידע ביבליוגרפי
מחבר ראשי: Nguyễn Du
מחברים אחרים: Vũ Ngọc Khánh (Soạn giả)
פורמט: ספר
שפה:Vietnamese
יצא לאור: Tp. Hải Phòng Nxb. Hải Phòng 2006
נושאים:
תגים: הוספת תג
אין תגיות, היה/י הראשונ/ה לתייג את הרשומה!
Thư viện lưu trữ: Mạng thư viện Đại học Đà Nẵng
LEADER 01100nam a2200337 4500
001 000005953
003 2106
005 20120409090448.0
008 110825s2006 viesd
020 |c 25000đ 
041 0 |a vie 
082 |a 895.9221  |b NG-D 
100 0 |a Nguyễn Du 
245 0 |a Truyện Kiều  |c Nguyễn Du ; Vũ Ngọc Khánh soạn giả 
260 |a Tp. Hải Phòng  |b Nxb. Hải Phòng  |c 2006 
300 |a 295 tr  |c 19 cm 
653 |a Văn học Việt Nam 
653 |a Truyện Kiều 
653 |a Nguyễn Du 
700 |a Vũ Ngọc Khánh  |e Soạn giả 
910 |a Nguyễn Thị Kim Oanh  |d 25/08/2011 
OWN |a LSP 
AVA |a UDN50  |b LSP  |d 895.9221 NG-D  |e available  |t Error 5001 Not defined in file expand_doc_bib_avail.  |f 10  |g 0  |h N  |i 0  |k 1 
999 |a From the UDN01 
AVA |a UDN50  |b LSP  |d 895.9221 NG-D  |e available  |t Error 5001 Not defined in file expand_doc_bib_avail.  |f 10  |g 0  |h N  |i 0  |k 1 
TYP |a Monograph 
TYP |a Printed language 
980 |a Mạng thư viện Đại học Đà Nẵng